Traducción aleatoria de vocabulario a inglés - Estadísticas

Estadísticas generales
  • Esta prueba ha sido intentada 13.327 veces
  • La puntuación promedio es 25 de 30
Estadísticas de respuestas
Español Inglés % Correcto
Huevo (sust.) E{gg}
99%
Ojo (sust.) E{ye}
99%
Pez (sust.) F{ish}
99%
Negro (adj.) B{lack}
98%
Perro (sust.) D{og}
98%
Falso (adj.) F{alse}
98%
Rápido (adj.) F{ast}
98%
Cinco (sust.) F{ive}
98%
Amigo (sust.) F{riend}
98%
Jardín (sust.) G{arden}
98%
Verde (adj.) G{reen}
98%
Luz (sust.) L{ight}
98%
Número (sust.) N{umber}
98%
Viejo (adj.) O{ld}
98%
Uno (número) (sust.) O{ne}
98%
Jugar (v.) P{lay}
98%
Reina (sust.) Q{ueen}
98%
Lluvia (sust.) R{ain}
98%
Rojo (adj.) R{ed}
98%
Seis (sust.) S{ix}
98%
Tres (sust.) T{hree}
98%
Hoy (adv.) T{oday}
98%
Mundo (sust.) W{orld}
98%
Año (sust.) Y{ear}
98%
Amarillo (adj.) Y{ellow}
98%
Sí (adv.) Y{es}
98%
Bebé (sust.) B{aby}
97%
Antes (adv.) B{efore}
97%
Azul (adj.) B{lue}
97%
Hermano (sust.) B{rother}
97%
Comprar (v.) B{uy}
97%
Llamar (v.) C{all}
97%
Coche/carro (sust.) C{ar}
97%
Frío (adj.) C{old}
97%
Bailar (v.) D{ance}
97%
Día (sust.) D{ay}
97%
Ocho (sust.) E{ight}
97%
Cara (sust.) F{ace}
97%
Padre (sust.) F{ather}
97%
Volar (v.) F{ly}
97%
Viernes (sust.) F{riday}
97%
Ir (v.) G{o}
97%
Tener (v.) H{ave}
97%
Caballo (sust.) H{orse}
97%
Caliente (adj.) H{ot}
97%
Junio (sust.) J{une}
97%
Izquiero (sust.) L{eft}
97%
Marzo (sust.) M{arch}
97%
Música (sust.) M{usic}
97%
Nuevo (adj.) N{ew}
97%
Noche (sust.) N{ight}
97%
No (adv.) N{o}
97%
Octubre (sust.) O{ctober}
97%
Abrir (v.) O{pen}
97%
Triste (adj.) S{ad}
97%
Siete (sust.) S{even}
97%
Después (adv.) A{fter}
96%
Estar (v.) B{e}
96%
Oso (sust.) B{ear}
96%
Grande (adj.) B{ig}
96%
Gato (sust.) C{at}
96%
Venir (v.) C{ome}
96%
Vaca (sust.) C{ow}
96%
Llorar (v.) C{ry}
96%
Diciembre (sust.) D{ecember}
96%
Comer (v.) E{at}
96%
Comida (sust.) F{ood}
96%
Feliz (adj.) H{appy}
96%
Ayuda (sust.) H{elp}
96%
Casa (sust.) H{ouse}
96%
Julio (sust.) J{uly}
96%
Rey (sust.) K{ing}
96%
Beso (sust.) K{iss}
96%
León (sust.) L{ion}
96%
Mayo (sust.) M{ay}
96%
Memoria (sust.) M{emory}
96%
Lunes (sust.) M{onday}
96%
Museo (sust.) M{useum}
96%
Nueve (sust.) N{ine}
96%
Norte (sust.) N{orth}
96%
Nada (pron.) N{othing}
96%
Noviembre (sust.) N{ovember}
96%
Rosado (adj.) P{ink}
96%
Sábado (sust.) S{aturday}
96%
Mar (sust.) S{ea}
96%
Septiembre (sust.) S{eptember}
96%
Cantar (v.) S{ing}
96%
Hermana (sust.) S{ister}
96%
Dormir (v.) S{leep}
96%
Estrella (sust.) S{tar}
96%
Domingo (sust.) S{unday}
96%
Diez (sust.) T{en}
96%
Gracias (sust.) T{hank} {you}
96%
Tomate (sust.) T{omato}
96%
Juguete (sust.) T{oy}
96%
Árbol (sust.) T{ree}
96%
Agua (sust.) W{ater}
96%
Semana (sust.) W{eek}
96%
Donde (adv.) W{here}
96%
Por qué (adv.) W{hy}
96%
Trabajar (v.) W{ork}
96%
Escribir (v.) W{rite}
96%
Ayer (adv.) Y{esterday}
96%
Abril (sust.) A{pril}
95%
Cama (sust.) B{ed}
95%
Cerveza (sust.) B{eer}
95%
Pájaro (sust.) B{ird}
95%
Marrón (adj.) B{rown}
95%
Limpiar (v.) C{lean}
95%
Cerrar (v.) C{lose}
95%
Once (sust.) E{leven}
95%
Fuego (sust.) F{ire}
95%
Oro (sust.) G{old}
95%
Corazón (sust.) H{eart}
95%
Hola (sust.) H{ello}
95%
Enero (sust.) J{anuary}
95%
Saltar (v.) J{ump}
95%
Matar (v.) K{ill}
95%
Aprender (v.) L{earn}
95%
Vivir (v.) L{ive}
95%
Madre (sust.) M{other}
95%
Nunca (adv.) N{ever}
95%
Ahora (adv.) N{ow}
95%
Bolígrafo (sust.) P{en}
95%
Lápiz (sust.) P{encil}
95%
Leer (v.) R{ead}
95%
Arroz (sust.) R{ice}
95%
Río (sust.) R{iver}
95%
Correr (v.) R{un}
95%
Ver (v.) S{ee}
95%
Diecisiete (sust.) S{eventeen}
95%
Dieciséis (sust.) S{ixteen}
95%
Pequeño (adj.) S{mall}
95%
Hijo (sust.) S{on}
95%
Canción (sust.) S{ong}
95%
Araña (sust.) S{pider}
95%
Parar (v.) S{top}
95%
Calle (sust.) S{treet}
95%
Equipo (sust.) T{eam}
95%
Pensar (v.) T{hink}
95%
Veinte (sust.) T{wenty}
95%
Dos (sust.) T{wo}
95%
Guerra (sust.) W{ar}
95%
Bienvenido (interj.) W{elcome}
95%
Oeste (sust.) W{est}
95%
Cuando (adv.) W{hen}
95%
Blanco (adj.) W{hite}
95%
Ventana (sust.) W{indow}
95%
Joven (adj.) Y{oung}
95%
Cebra (sust.) Z{ebra}
95%
Brazo (sust.) A{rm}
94%
Plátano (sust.) B{anana}
94%
Porque (conj.) B{ecause}
94%
Cuerpo (sust.) B{ody}
94%
Pan (sust.) B{read}
94%
Queso (sust.) C{heese}
94%
Puerta (sust.) D{oor}
94%
Oreja (sust.) E{ar}
94%
Flor (sust.) F{lower}
94%
Cuatro (sust.) F{our}
94%
Cocina (sust.) K{itchen}
94%
Pierna (sust.) L{eg}
94%
Luna (sust.) M{oon}
94%
Ratón (sust.) M{ouse}
94%
Nariz (sust.) N{ose}
94%
Cebolla (sust.) O{nion}
94%
Cerdo (sust.) P{ig}
94%
Patata (sust.) P{otato}
94%
Ensalada (sust.) S{alad}
94%
Zapato (sust.) S{hoe}
94%
Sol (sust.) S{un}
94%
(lo) Mejor (adj.) (the) B{est}
94%
Paraguas (sust.) U{mbrella}
94%
Tío (sust.) U{ncle}
94%
Muy (adv.) V{ery}
94%
Sandía (sust.) W{atermelon}
94%
Cumpleaños (sust.) B{irthday}
93%
Sangre (sust.) B{lood}
93%
Botella (sust.) B{ottle}
93%
Silla (sust.) C{hair}
93%
Ordenador (sust.) C{omputer}
93%
Cortar (v.) C{ut}
93%
Dieciocho (sust.) E{ighteen}
93%
Fantasma (sust.) G{host}
93%
Gris (adj.) G{rey}
93%
Mano (sust.) H{and}
93%
Cabeza (sust.) H{ead}
93%
Oír (v.) H{ear}
93%
Isla (sust.) I{sland}
93%
Saber (v.) K{now}
93%
Montaña (sust.) M{ountain}
93%
Sal (sust.) S{alt}
93%
Serpiente (sust.) S{nake}
93%
Nieve (sust.) S{now}
93%
Azúcar (sust.) S{ugar}
93%
Nadar (v.) S{wim}
93%
Martes (sust.) T{uesday}
93%
Vegetal (sust.) V{egetable}
93%
Vino (sust.) W{ine}
93%
Lobo (sust.) W{olf}
93%
Siempre (adv.) A{lways}
92%
Agosto (sust.) A{ugust}
92%
Abeja (sust.) B{ee}
92%
Jefe (sust.) B{oss}
92%
Cerebro (sust.) B{rain}
92%
Construir (v.) B{uild}
92%
Pastel (sust.) C{ake}
92%
Calendario (sust.) C{alendar}
92%
Pollo (sust.) C{hicken}
92%
Navidad (sust.) C{hristmas}
92%
Pato (sust.) D{uck}
92%
Sentir (v.) F{eel}
92%
Dedo (sust.) F{inger}
92%
Zorro (sust.) F{ox}
92%
Adiós (sust.) G{oodbye}
92%
Odiar (v.) H{ate}
92%
Boca (sust.) M{outh}
92%
Diecinueve (sust.) N{ineteen}
92%
Paz (sust.) P{eace}
92%
Sonreír (v.) S{mile}
92%
A veces (adv.) S{ometimes}
92%
Sur (sust.) S{outh}
92%
Andar (v.) W{alk}
92%
Niño (sust.) B{oy}
91%
Mantequilla (sust.) B{utter}
91%
Mariposa (sust.) B{utterfly}
91%
Zanahoria (sust.) C{arrot}
91%
Sueño (sust.) D{ream}
91%
Vestido (sust.) D{ress}
91%
Caer (v.) F{all}
91%
Pelea (sust.) F{ight}
91%
Pie (sust.) F{oot}
91%
Rana (sust.) F{rog}
91%
Pelo (sust.) H{air}
91%
Escuchar (v.) L{isten}
91%
Aceite (sust.) O{il}
91%
Anillo (sust.) R{ing}
91%
Comenzar (v.) S{tart}
91%
Doce (sust.) T{welve}
91%
Comprender (v.) U{nderstand}
91%
Violín (sust.) V{iolin}
91%
Miércoles (sust.) W{ednesday}
91%
Responder (v.) A{nswer}
90%
Baño (sust.) B{athroom}
90%
Bicicleta (sust.) B{icycle}
90%
Caja (sust.) B{ox}
90%
Galleta (sust.) C{ookie}
90%
Febrero (sust.) F{ebruary}
90%
Catorce (sust.) F{ourteen}
90%
Jamón (sust.) H{am}
90%
Infierno (sust.) H{ell}
90%
Correo (sust.) M{ail}
90%
Carne (sust.) M{eat}
90%
Mes (sust.) M{onth}
90%
Papá Noel (sust.) S{anta} {Claus}
90%
Dulce (adj.) S{weet}
90%
Enseñar (v.) T{each}
90%
Jueves (sust.) T{hursday}
90%
Cierto (adj.) T{rue}
90%
Mejor (adv. adj.) B{etter}
89%
Nube (sust.) C{loud}
89%
Morir (v.) D{ie}
89%
Quince (sust.) F{ifteen}
89%
Vidrio (sust.) G{lass}
89%
Medianoche (sust.) M{idnight}
89%
Mañana (sust.) M{orning}
89%
Plato (sust.) P{late}
89%
Temporada (sust.) S{eason}
89%
Querer (v.) W{ant}
89%
Toro (sust.) B{ull}
88%
Iglesia (sust.) C{hurch}
88%
Reloj (sust.) C{lock}
88%
Cincuenta (sust.) F{ifty}
88%
Mosca (sust.) F{ly}
88%
Seguir (v.) F{ollow}
88%
Papas fritas (sust.) F{ries}
88%
Crecer (v.) G{row}
88%
Marido (sust.) H{usband}
88%
Setenta (sust.) S{eventy}
88%
Sesenta (sust.) S{ixty}
88%
Fresa (sust.) S{trawberry}
88%
Tía (sust.) A{unt}
87%
Murciélago (sust.) B{at}
87%
Bosque (sust.) F{orest}
87%
Lleno (adj.) F{ull}
87%
Cabra (sust.) G{oat}
87%
Tarde (adv.) L{ate}
87%
Reír (v.) L{augh}
87%
Mezclar (v.) M{ix}
87%
Noventa (sust.) N{inety}
87%
Arena (sust.) S{and}
87%
Piel (sust.) S{kin}
87%
Cielo (sust.) S{ky}
87%
Pared (sust.) W{all}
87%
Bolsa (sust.) B{ag}
86%
Taza (sust.) C{up}
86%
Por fin (adv.) F{inally}
86%
Furioso (adj.) F{urious}
86%
Teclado (sust.) K{eyboard}
86%
Cuchillo (sust.) K{nife}
86%
Pulpo (sust.) O{ctopus}
86%
Vender (v.) S{ell}
86%
Camisa (sust.) S{hirt}
86%
Viento (sust.) W{ind}
86%
Corona (sust.) C{rown}
85%
Ochenta (sust.) E{ighty}
85%
Libertad (sust.) F{reedom}
85%
Rodilla (sust.) K{nee}
85%
Cuello (sust.) N{eck}
85%
Jabón (sust.) S{oap}
85%
Calcetín (sust.) S{ock}
85%
Esponja (sust.) S{ponge}
85%
Delfín (sust.) D{olphin}
84%
Gafas (sust.) G{lasses}
84%
Broma (sust.) J{oke}
84%
Vecino (sust.) N{eighbor}
84%
Plata (sust.) S{ilver}
84%
Camión (sust.) T{ruck}
84%
Gemelo (sust.) T{win}
84%
Uña (sust.) N{ail}
83%
Periódico (sust.) N{ewspaper}
83%
Oveja (sust.) S{heep}
83%
Alma (sust.) S{oul}
83%
Treinta (sust.) T{hirty}
83%
Bruja (sust.) W{itch}
83%
Bota (sust.) B{oot}
82%
Temprano (adv.) E{arly}
82%
Jirafa (sust.) G{iraffe}
82%
Uva (sust.) G{rape}
82%
Cien (sust.) H{undred}
82%
Champiñón (sust.) M{ushroom}
82%
O (conj.) O{r}
82%
Hombro (sust.) S{houlder}
82%
Soldado (sust.) S{oldier}
82%
Tormenta (sust.) S{torm}
82%
Mil (sust.) T{housand}
82%
Advertencia (sust.) W{arning}
82%
Madera (sust.) W{ood}
82%
Cueva (sust.) C{ave}
81%
Diablo (sust.) D{evil}
81%
Césped (sust.) G{rass}
81%
Amante (sust.) L{over}
81%
Tímido (adj.) S{hy}
81%
Oler (v.) S{mell}
81%
Espía (sust.) S{py}
81%
Lengua (órgano) (sust.) T{ongue}
81%
Cuarenta (sust.) F{orty}
80%
Serio (adj.) S{erious}
80%
Avión (sust.) A{irplane}
79%
Si (conj.) I{f}
79%
Pesadilla (sust.) N{ightmare}
79%
Estómago (sust.) S{tomach}
79%
Siglo (sust.) C{entury}
78%
Vacío (adj.) E{mpty}
78%
Tenedor (sust.) F{ork}
78%
Moto (sust.) M{otorbike}
78%
Rezar (v.) P{ray}
78%
Trece (sust.) T{hirteen}
78%
Cartera (sust.) W{allet}
78%
Frijol/judía (sust.) B{ean}
77%
Cereza (sust.) C{herry}
77%
Pascua (sust.) E{aster}
77%
Jardinero (sust.) G{ardener}
77%
Guante (sust.) G{love}
77%
Soltero (adj.) S{ingle}
77%
Aterrizar (v.) L{and}
76%
Enojado (adj.) M{ad}
76%
Sombra (sust.) S{hadow}
76%
Cuchara (sust.) S{poon}
76%
Volcán (sust.) V{olcano}
76%
Boda (sust.) W{edding}
76%
Habitación (sust.) B{edroom}
75%
Mermelada (sust.) J{am}
75%
Almohada (sust.) P{illow}
75%
Diente (sust.) T{ooth}
75%
Cascada (sust.) W{aterfall}
75%
Ballena (sust.) W{hale}
75%
Hijo (sust.) C{hild}
74%
A menudo (adv.) O{ften}
74%
Horno (sust.) O{ven}
74%
Pimienta (sust.) P{epper}
74%
Cachorro (sust.) P{uppy}
74%
Dedo de pie (sust.) T{oe}
74%
Martillo (sust.) H{ammer}
73%
Ligero (adj.) L{ight}
73%
Siesta (sust.) N{ap}
73%
Búho (sust.) O{wl}
73%
Calabaza (sust.) P{umpkin}
73%
Rugir (v.) R{oar}
73%
Cohete (sust.) R{ocket}
73%
Falda (sust.) S{kirt}
73%
Pesado (adj.) H{eavy}
72%
Colina (sust.) H{ill}
72%
Techo (sust.) R{oof}
72%
Salchicha (sust.) S{ausage}
72%
Lágrima (sust.) T{ear}
72%
Pantalón (sust.) T{rouser}
72%
Cinturón (sust.) B{elt}
71%
Nacimiento (sust.) B{irth}
71%
Hada (sust.) F{airy}
71%
Medusa (sust.) J{ellyfish}
71%
Tijeras (sust.) S{cissors}
71%
Corbata (sust.) T{ie}
71%
Ceja (sust.) E{yebrow}
70%
Nuez (sust.) N{ut}
70%
Humo (sust.) S{moke}
70%
Sangrar (v.) B{leed}
69%
Soplar (v.) B{low}
69%
Asustado (adj.) S{cared}
69%
Panadería (sust.) B{akery}
68%
Alfombra (sust.) C{arpet}
68%
Ciudadano (sust.) C{itizen}
68%
Vela (sust.) C{andle}
67%
Pulmón (sust.) L{ung}
67%
Maleta (sust.) S{uitcase}
67%
Trompeta (sust.) T{rumpet}
67%
Gripe (sust.) F{lu}
66%
Altura (sust.) H{eight}
66%
Casco (sust.) H{elmet}
66%
Tinta (sust.) I{nk}
66%
Goma (sust.) R{ubber}
66%
Bufanda (sust.) S{carf}
66%
Susurrar (v.) W{hisper}
66%
Ajo (sust.) G{arlic}
65%
Suelo (sust.) G{round}
65%
Respirar (v.) B{reathe}
64%
Fábrica (sust.) F{actory}
64%
Lagarto (sust.) L{izard}
64%
Señor (sust.) L{ord}
64%
Bistec (sust.) S{teak}
64%
Cuerno (sust.) H{orn}
63%
Sirena (sust.) M{ermaid}
63%
Quedar (v.) S{tay}
63%
Muebles (sust.) F{urniture}
62%
Gatito (sust.) K{itten}
62%
Cuerda (sust.) R{ope}
62%
Espinaca (sust.) S{pinach}
62%
Bigote (sust.) M{ustache}
61%
Cavar (v.) D{ig}
60%
Hoja (sust.) L{eaf}
60%
Imán (sust.) M{agnet}
58%
Anular (v.) C{ancel}
57%
Afortunadamente (adv.) F{ortunately}
57%
Sobrino (sust.) N{ephew}
57%
Retar (v.) C{hallenge}
55%
Mediodía (sust.) N{oon}
55%
Silbar (v.) W{histle}
55%
Armadura (sust.) A{rmor}
53%
Avispa (sust.) W{asp}
53%
Especia (sust.) S{pice}
52%
Cordero (sust.) L{amb}
51%
Sacerdote (sust.) P{riest}
51%
Acero (sust.) S{teel}
51%
Regar (v.) W{ater}
51%
Mentón (sust.) C{hin}
50%
Langosta (sust.) L{obster}
50%
Manta (sust.) B{lanket}
49%
Carnicero (sust.) B{utcher}
49%
Gota (sust.) D{rop}
49%
Estrecho (adj.) N{arrow}
49%
Armario (sust.) W{ardrobe}
49%
Rascacielos (sust.) S{kyscraper}
48%
Pulgar (sust.) T{humb}
48%
Muñeca (sust.) W{rist}
47%
Cadáver (sust.) C{orpse}
46%
Cubo de basura (sust.) G{arbage} {can}
46%
Estornudar (v.) S{neeze}
46%
Acantilado (sust.) C{liff}
45%
Longitud (sust.) L{ength}
45%
Contar (v.) T{ell}
44%
Clavo (sust.) N{ail}
41%
Mapache (sust.) R{accoon}
40%
Cobre (sust.) C{opper}
39%
Estuario (sust.) E{stuary}
39%
Chimenea (sust.) C{himney}
38%
Profundidad (sust.) D{epth}
38%
Amargo (adj.) B{itter}
37%
Amanecer (sust.) D{awn}
36%
Sierra (sust.) S{aw}
36%
Devenir (v.) B{ecome}
35%
Cartel (sust.) P{oster}
35%
Rodar (v.) R{oll}
35%
Escoba (sust.) B{room}
34%
Hiena (sust.) H{yena}
34%
Columpio (sust.) S{wing}
33%
Esperar (v.) H{ope}
32%
Saltamontes (sust.) G{rasshopper}
31%
Tapa (sust.) L{id}
31%
Alhaja (sust.) J{ewel}
30%
Destornillador (sust.) S{crewdriver}
29%
Conejillo de Indias (sust.) G{uinea} {pig}
28%
Orificio nasal (sust.) N{ostril}
27%
Pantufla (sust.) S{lipper}
26%
Globo aerostático (sust.) H{ot} {air} {balloon}
25%
Pista (sust.) R{oad}
24%
Crepúsculo (sust.) D{usk}
21%
Plomo (sust.) L{ead}
20%
Grúa (sust.) C{rane}
19%
Carnero (sust.) R{am}
16%
Hipocampo (sust.) S{eahorse}
16%
No se encontraron pruebas coincidentes
Distribución de puntuación
Porcentaje de gente con cada puntuación
Porcentaje por número respondido
Historial de tus puntuaciones
No has intentado esta prueba.